00880nam a2200277Ia 4500003001000000005001700010007000300027008004100030020001800071040003500089041000800124084001100132100003200143245007100175250001800246264002800264300002500292336002700317337003300344338002800377490003000405650004600435650005000481650003200531650003900563CO-BoRNBP20230518222237.0ta170503s2007 c g 000 f s  a9789584247592 aCO-BoRNBPbspaerdacCO-BoRNBP aspa aN MED21 aMedina Reyes, Efraimd1967-10aérase una vez el amor pero tuve que matarlocEfraim Medina Reyes a1a. edición aBogotábPlanetac2007 a221 páginasc23 cm atextobtxt2rdacontent asin mediaciónbn2rdamedia avolumenbnc2rdacarrier aLetras colombianas de hoy142LEMBaNovela juvenil colombianaySiglo XX142LEMBaLiteratura juvenil colombianaySiglo XX142LEMBaSexo en la literatura142LEMBaVida urbana en la literatura